Państwa według średniego wieku urodzenia pierwszego dziecka - Statystyki

Ogólne statystyki
  • Ten quiz został rozwiązany 104 razy
  • Średni wynik to 11 z 16
Statystyki odpowiedzi
Pozycja Wiek Państwo % Poprawnych
12. 29.20 Niemcy
87%
3. 30.30 Japonia
83%
15. 28.90 Szwecja
79%
3. 30.30 Włochy
78%
8. 29.80 Hiszpania
75%
11. 29.40 Holandia
75%
12. 29.20 Portugalia
69%
6. 30.20 Szwajcaria
68%
14. 29.10 Dania
67%
1. 31.20 Grecja
66%
3. 30.30 Korea Południowa
65%
2. 30.50 Australia
60%
8. 29.80 Irlandia
60%
6. 30.20 Luksemburg
56%
8. 29.80 Singapur
43%
16. 28.80 Słowenia
43%
Nie znaleziono quizów pasujących do podanych kryteriów
Rozkład punktacji
Procent ludzi z każdym wynikiem
Percentyl według liczby udzielonych odpowiedzi
Twoja historia wyników
Nie rozwiązałeś tego quizu